| 000 | 00369nam a2200145Ia 4500 | ||
|---|---|---|---|
| 008 | 230711s9999||||xx |||||||||||||| ||und|| | ||
| 041 | _aENG | ||
| 082 |
_a624 _bKU-F |
||
| 100 | _aKumar,D.S | ||
| 245 | 0 | _aFluid mechanices and fluid power engineering | |
| 250 | _a5th | ||
| 260 |
_c1994 _aNew Delhi _bS.K Kataria & Sons |
||
| 650 | _aMechanical Engineering | ||
| 942 | _cBK | ||
| 999 |
_c2608 _d2608 |
||